000 00279nam a2200109Ia 4500
008 221009s9999 xx 000 0 und d
082 _a500/GUP
100 _aSeal Brajendranath,
245 4 _aThe Positive Sciences of The Ancient Hindus
260 _bSahitya Samsad,
942 _cBK
999 _c64858
_d64858